01110nam a22001937a 450000500170000000800410001702000180005804000070007604100120008308200250009510000330012024500730015326000550022630000310028136500550031252004930036765000180086070000380087820220318112527.0220318b ||||| |||| 00| 0 eng d a9780367583934 cAL aEnglish 223a791.430954bDEVI aAshvin Immanuel Devasundaram aIndian Cinema Beyond Bollywood:the new Independent Cinema Revolution aNew YorkbRoutledge Taylor and Francis Groupc2020 axiii,290 p.bPBc22x15 cm. a6487b₹3119.00c₹d₹3898.75e20%f13-03-2022 aThis is the first edited volume on new independent Indian cinema. It aims to be a comprehensive compendium of diverse theoretical, philosophical, epistemological and practice-based perspectives, featuring contributions from multidisciplinary scholars and practitioners across the world. This edited collection features analyses of cutting-edge new independent films and is conceived to serve as a beacon to guide future explorations into the burgeoning field of new Indian Cinema studies. aIndian Cinema aDEVASUNDARAM (Ashvin Immanuel) ed